Architektura /

Uloženo v:
Podrobná bibliografie
Hlavní autor: Höcker, Christoph 1957- (Autor)
Další autoři: Hnídková, Vendula 1978- (Překladatel)
Médium: Kniha
Jazyk:čeština
němčina
Vydáno: Brno : Computer Press, 2004
Vydání:1. vyd.
Edice:Malá encyklopedie
Témata:
ISBN:8025102858
On-line přístup: Získat plný text
Tagy: Přidat tag
Žádné tagy, Buďte první, kdo vytvoří štítek k tomuto záznamu!

MARC

LEADER 00000nam a2200000 4500
003 SK-BrCVT
005 20220621163724.0
008 071113s2004 xr e ||||||cze d
020 |a 8025102858 
035 |a CVTIDW1426667 
040 |b slo  |a CVTI SR  |e AACR2 
041 1 |a cze  |h ger 
044 |a xr 
080 |a 72(091)  |2 UDC-MRF 
100 1 |a Höcker, Christoph  |d 1957-,  |4 aut 
245 1 0 |a Architektura /  |c Christoph Höcker ; překlad: Vendula Hnídková 
250 |a 1. vyd. 
260 |a Brno :  |b Computer Press,  |c 2004 
300 |a 191 s. :  |b fotogr., lit., obr., tab. ; 
490 1 |a Malá encyklopedie  |3 0529982 
653 1 |a architektúra  |a pyramída  |a kresťanský kostol  |a mešita  |a pagoda  |a stredoveký hrad  |a mrakodrap  |a sakrálna stavba 
700 1 |a Hnídková, Vendula  |d 1978-,  |4 trl 
760 1 |t Malá encyklopedie 
910 |a BA002  |b A603470 
919 |a 80-251-0285-8 
974 |f Knihy 
992 |a AEN 
999 |c 158891  |d 158891